Loading...
Mythology | 0 | 9 | 1 | 1 | 85 | 33 | 60.89 | 1 | 8 |
Philosophy | 0 | 5 | 0 | 0 | 50 | 71 | 98.80 | 0 | 3 |
Literature - European Literature | 0 | 2 | 0 | 1 | 20 | 63 | 105.50 | 0 | 0 |
Literature - World/Other Literature | 0 | 2 | 0 | 0 | 20 | 100 | 108.00 | 0 | 1 |
History - Other History | 0 | 2 | 0 | 1 | 20 | 51 | 76.50 | 0 | 1 |
History - American History | 0 | 2 | 1 | 0 | 15 | 60 | 65.50 | 1 | 2 |
Fine Arts - Other Fine Arts | 0 | 1 | 0 | 1 | 10 | 126 | 126.00 | 0 | 0 |
History - European History | 0 | 1 | 0 | 1 | 10 | 140 | 140.00 | 0 | 0 |
Literature - American Literature | 0 | 1 | 0 | 0 | 10 | 90 | 90.00 | 0 | 1 |
Literature - British Literature | 0 | 1 | 0 | 0 | 10 | 47 | 47.00 | 0 | 1 |
Science - Biology | 0 | 1 | 0 | 0 | 10 | 89 | 89.00 | 0 | 1 |
Social Science | 0 | 1 | 1 | 0 | 5 | 70 | 70.00 | 1 | 1 |
Geography/Current Events | 0 | 0 | 0 | 0 | 0 | 0.00 | 0 | 0 | |
History - World History | 0 | 0 | 1 | 0 | -5 | 0.00 | 0 | 0 |